| 000 | 00528nam a2200193 a 4500 | ||
|---|---|---|---|
| 005 | 20251002063908.0 | ||
| 008 | 991125s1992 mx 000 0 spa u | ||
| 035 | _aUPN01000005249 | ||
| 049 | _aI | ||
| 050 | 4 |
_aPZ74.9 _bB4 |
|
| 100 | 1 | _aBelton, Philippe | |
| 245 | 1 | 0 |
_aAzulita / _cPhilippe Belton y Dominique Jorand. |
| 260 |
_aMéxico : _bPetra : _bSEP, _c1992. |
||
| 300 |
_a[22] p. : _bil. col. |
||
| 650 | 2 |
_aColor _98957 |
|
| 650 | 4 |
_aCuentos infantiles _96744 |
|
| 700 | 1 |
_aJorand, Dominique, _ecoaut. |
|
| 905 | _aInfantil | ||
| 999 |
_c5249 _d5249 |
||